000 00592nam a2200193 4500
001 143487
003 ES-MaACL
007 t|
008 070214s1960 sp r ||||1| spa d
245 0 0 _aSeñor enséñanos a orar /
_ctraducción de Ramón Armengot.
260 _aMadrid :
_bEuramérica,
_c1960.
300 _a278 p. ;
_c19 cm.
490 1 _aDe matrimonio y hogar ;
_v9
500 _aPrecede al tít.: L'Anneau d'Or.
700 1 _aArmengot, Ramón.
_922950
830 0 0 _aMatrimonio y hogar
_v9
_9181380
852 _aES-MaACL
_jE-2431
_bR.47866
999 _c143487
_d143487